Postavenie, úlohy a význam colnej správy Slovenskej republiky
Stručný prehľad histórie colníctva na slovenskom území. Uplatňovanie colnej politiky po vstupe Slovenska do Európskej únie. Rozsah a skladba činností vykonávaných orgánmi štátnej správy v colníctve po vstupe do EÚ. Vlasné zdroje rozpočtu Európskeho spoločenstva. Proces výberu tradičných vlastných zd...
Enregistré dans:
| Auteur principal: | |
|---|---|
| Autres auteurs: | |
| Format: | Chapitre de livre |
| Langue: | slovaque |
| Sujets: | |
| Tags: |
Pas de tags, Soyez le premier à ajouter un tag!
|
MARC
| LEADER | 00000naa$a2200000$$$4500 | ||
|---|---|---|---|
| 001 | 0058107 | ||
| 005 | 20240502071643.4 | ||
| 041 | 0 | |a slo | |
| 044 | |a SK | ||
| 245 | 1 | 0 | |a Postavenie, úlohy a význam colnej správy Slovenskej republiky |c Barbara Lajzová, Kornélia Beličková |
| 520 | |a Stručný prehľad histórie colníctva na slovenskom území. Uplatňovanie colnej politiky po vstupe Slovenska do Európskej únie. Rozsah a skladba činností vykonávaných orgánmi štátnej správy v colníctve po vstupe do EÚ. Vlasné zdroje rozpočtu Európskeho spoločenstva. Proces výberu tradičných vlastných zdrojov a odvodu do príslušných rozpočtov. Problematika kontroly a správy spotrebných daní. Príjmy štátneho rozpočtu odvedené colnou správou z dane z pridanej hodnoty. | ||
| 610 | 2 | 0 | |a správa colná |
| 610 | 2 | 0 | |a história |
| 610 | 2 | 0 | |a politika colná |
| 610 | 2 | 0 | |a sadzby colné |
| 610 | 2 | 0 | |a sadzby daňové |
| 610 | 2 | 0 | |a Slovensko |
| 610 | 2 | 0 | |a Európska únia |
| 610 | 2 | 0 | |a úrady colné |
| 610 | 2 | 0 | |a harmonizácia |
| 610 | 2 | 0 | |a dane z hodnoty pridanej |
| 100 | 1 | |a Lajzová, Barbara | |
| 700 | 1 | |a Beličková, Kornélia, 1966- | |